=LDR 00000nam 2200000 4500 =001 001175 =005 20250710121605 =035 ##$$a 0010-0725000078 =007 ta =008 250710################a##########0#ind## =020 ##$$a 978-623-307-680-7 =082 ##$$a 398.209 598 802 =084 ##$$a 398.209 598 802 SIN r =100 #$$a Singh, Dolly =245 1#$$a Raju dan Sayur Mayur /$c Dolly Singh =250 ##$$a Cetakan Pertama =260 ##$$a Jakarta Timur :$b Badan Pengembangan dan Pembinaan Bahasa,$c 2024 =300 ##$$a 10 hlm. : $b Ilus. ; $c 22,9 cm =856 ##$$a TBM As suhada